000 nam a22 7a 4500
999 _c9155
_d9155
008 180123b ||||| |||| 00| 0 eng d
100 _aNIIT
_95425
245 _aNIIT Group - B, Level -I
260 _aNew Delhi
_bSona Publication
_c2005